Marketingový mix firmy podnikajúcej v stavebnom priemysle bakalárska práca

Saved in:
Bibliographic Details
Main Author: Kasman, Robert
Corporate Author: Obchodná fakulta EU. Katedra marketingu
Other Authors: Drábik, Henrich
Format: Book
Language:Slovak
Published: Bratislava 2018
Tags: Add Tag
No Tags, Be the first to tag this record!

MARC

LEADER 00000nbm a2200000 4500
001 0245072
005 20180815084655.6
041 0 |a slo 
044 |a SK 
245 1 0 |a Marketingový mix firmy podnikajúcej v stavebnom priemysle  |b bakalárska práca  |c Robert Kasman ; školiteľ: Henrich Drábik 
264 1 |a Bratislava  |c 2018 
300 |a 47 s. 
100 1 |a Kasman, Robert 
700 1 |a Drábik, Henrich 
710 2 |a Obchodná fakulta EU. Katedra marketingu